MARC

LEADER 00000nam0a2200000 4500
001 18242
005 20231030191223.0
010 |a 5282016931 
035 |a (RuTPU)RU\TPU\book\18391 
035 |a BOOK00018460 
090 |a 18242 
100 |a 20011209d1993 km y0rusy50 ca 
101 1 |a rus  |c eng 
102 |a RU 
105 |a y z 000zy 
200 1 |a Маркетинг  |e пер. с англ.  |f Дж. Р. Эванс, Б. Берман 
210 |a Москва  |c Экономика  |d 1993 
215 |a 335 с. 
610 1 |a экономика 
610 1 |a предприятия 
610 1 |a управление 
610 1 |a маркетинг 
610 1 |a потребители 
610 1 |a товары 
610 1 |a услуги 
610 1 |a товарооборот 
610 1 |a ценообразование 
686 |a У884.3  |v LBC/SL-A  |2 rubbk 
700 1 |a Эванс  |b Дж. Р.  |g Джоэль Р. 
701 1 |a Берман  |b Б.  |g Барри 
801 0 |a RU  |b 63413507  |c 20011209  |g PSBO 
801 2 |a RU  |b 63413507  |c 20201109  |g PSBO 
942 |c BK